=LDR 00000nam 2200000 4500 =001 001044 =005 20250712033851 =035 ##$$a 0010-0725000924 =007 ta =008 250712################a##########0#ind## =020 ##$$a 978-623-472-540-7 =082 ##$$a 398.209 598 =084 ##$$a 398.209 598 GUP b =100 1#$$a Gupto sorit =245 1#$$a Bunty dan bubby /$c Sorit gupto =250 ##$$a Cetakan pertama =260 ##$$a Rawamangun :$b Badan pengembangan dan pembinaan bahasa,$c 2022 =300 ##$$a 20 hlm. : $b Ilus. ; $c 22,9 cm. =650 #4$$a Cerita anak indonesia-terjemahan =650 #4$$a Literasi-bahan bacaan